Southville International School and Colleges
Your cart is empty.
  • Cart
  • Lists
    Public lists Eva Luna New books Lux_list list_1
    Your lists Log in to create your own lists
  • Log in to your account
  • Your cookies
  • Search history
Southville International School and Colleges
  • Advanced search
  • Recent comments
  • Most popular
  • Libraries

Log in to your account

Log in with GOOGLE


If you do not have an external account, but do have a local account, you can still log in:

  1. Home
  2. MARC view: Client/server programming with Access & SQL server :
Normal view MARC view ISBD view

Client/server programming with Access & SQL server : (Record no. 15465)

[ view plain ]
MARC details
000 -LEADER
fixed length control field 01074cam a2200313 a 4500
003 - CONTROL NUMBER IDENTIFIER
control field OSt
005 - DATE AND TIME OF LATEST TRANSACTION
control field 20140310182731.0
008 - FIXED-LENGTH DATA ELEMENTS--GENERAL INFORMATION
fixed length control field 970613s1997 ncua 001 0 eng
010 ## - LIBRARY OF CONGRESS CONTROL NUMBER
LC control number 97061133
020 ## - INTERNATIONAL STANDARD BOOK NUMBER
International Standard Book Number 1566046939
040 ## - CATALOGING SOURCE
Original cataloging agency DLC
Transcribing agency DLC
Modifying agency DLC
050 00 - LIBRARY OF CONGRESS CALL NUMBER
Classification number QA 76.9.C55
Item number .Sa26 1998
100 1# - MAIN ENTRY--PERSONAL NAME
Personal name Sanin, Leo.
245 10 - TITLE STATEMENT
Title Client/server programming with Access & SQL server :
Remainder of title the integrated guide for programmers & developers /
Statement of responsibility, etc Leo Sanin, Renzhong Chen.
250 ## - EDITION STATEMENT
Edition statement 1st ed.
260 ## - PUBLICATION, DISTRIBUTION, ETC. (IMPRINT)
Place of publication, distribution, etc Research Triangle Park, NC :
Name of publisher, distributor, etc Ventana,
Date of publication, distribution, etc 1998.
300 ## - PHYSICAL DESCRIPTION
Extent 398 p. :
Other physical details ill. ;
Dimensions 24 cm.
Accompanying material 1 computer laser optical disc (4 3/4 in.)
500 ## - GENERAL NOTE
General note Includes index.
521 ## - TARGET AUDIENCE NOTE
Target audience note
630 00 - SUBJECT ADDED ENTRY--UNIFORM TITLE
Uniform title Microsoft Access.
630 00 - SUBJECT ADDED ENTRY--UNIFORM TITLE
Uniform title SQL server.
650 #0 - SUBJECT ADDED ENTRY--TOPICAL TERM
Topical term or geographic name as entry element Client/server computing.
700 1# - ADDED ENTRY--PERSONAL NAME
Personal name Chen, Renzhong.
906 ## - LOCAL DATA ELEMENT F, LDF (RLIN)
a 7
b cbc
c orignew
d 2
e opcn
f 19
g y-gencatlg
942 ## - ADDED ENTRY ELEMENTS (KOHA)
Source of classification or shelving scheme Library of Congress Classification
Koha item type Books
Call number prefix Foreign
Holdings
Withdrawn status Lost status Source of classification or shelving scheme Damaged status Home library Current library Shelving location Date acquired Total Checkouts Full call number Barcode Date last seen Copy number Price effective from Koha item type Cost, normal purchase price
    Library of Congress Classification   College Library College Library General Circulation Section 04/23/2012   QA 76.9.C55 .Sa26 1998 C0419 05/15/2018 2 04/23/2012 Books  
    Library of Congress Classification   College Library College Library General Circulation Section 11/17/2010   QA 76.9.C55 .Sa26 1998 C1337 05/15/2018 1 10/10/2013 Books 492.00

Client/server programming with Access & SQL server :

APA

Sanin L., Chen R., . (1998). Client/server programming with Access & SQL server. Research Triangle Park, NC: Ventana.

Chicago

Sanin Leo, Chen Renzhong, . 1998. Client/server programming with Access & SQL server. Research Triangle Park, NC: Ventana.

Harvard

Sanin L., Chen R., . (1998). Client/server programming with Access & SQL server. Research Triangle Park, NC: Ventana.

MLA

Sanin Leo, Chen Renzhong, . Client/server programming with Access & SQL server. Research Triangle Park, NC: Ventana. 1998.

  • Place hold
  • Print
  • Cite
  • Add to your cart (remove)
  • Save record
    BIBTEX Dublin Core MARCXML MARC (non-Unicode/MARC-8) MARC (Unicode/UTF-8) MARC (Unicode/UTF-8, Standard) MODS (XML) RIS
  • More searches
    Search for this title in:
    Other Libraries (WorldCat) Other Databases (Google Scholar) Online Stores (Bookfinder.com) Open Library (openlibrary.org)

Exporting to Dublin Core...

SOUTHVILLE LIBRARY

Southville International School and Colleges Library

1281 Tropical Ave. Cor. Luxembourg St., BF Homes International, Las Pinas City

Tel. No. 8256374 / 252358 Loc. 117/146

Powered by Koha